| 000 | 00566nam a2200157 a 4500 | ||
|---|---|---|---|
| 008 | 120416s0000 ||||||||||||||||| || u | ||
| 020 | _a0851118089 | ||
| 050 | _aBS 2720.3 Mor | ||
| 100 | _aMorris, Leon | ||
| 245 | 1 | 4 | _aThe Epistle of Paul to the Thessalonians |
| 246 | _aan introduction and commentary | ||
| 260 |
_aLondon _bThe Tyndale Press _c1956 |
||
| 300 | _a152p. | ||
| 350 | _a0.00 | ||
| 995 |
_D0.00 _FCBU-MAIN LIBRARY (Kitwe) _H1 _I3.00 _M1 _UAVAILABLE _WJul 21, 2006 _ZAnnex Low-Usage Collection |
||
| 999 |
_c42305 _d42305 |
||